00883cam a2200217 a 450000100100000000500170001000800410002702000220006802000310009004000250012108200200014624500860016626000460025230000240029844000470032250000660036950000330043565000530046895201290052199900150065000000312320200929150333.0970606s2002 mx b 001 0 spa d a9682324041 (v. 2) a9682320461 (obra completa) aDO-SdBNPbspacBNPHU a860.9972bH673L00aHistoria de la literatura mexicana :bdesde sus orígenes hasta nuestros días. aMéxico, D.F. :bSiglo Veintiuno,c2002. av. :bil. ;c23 cm. 0aLingüística y teoría literaria99843 av. 2. La cultura letrada en la Nueva España del siglo XVII. aLa bibliteca posee el vol. 2 4aLiteratura mexicanaxHistoria y crítica.99844 001052708MOaGRbGRcHDd2009-07-06iLF1l0o860.9972 H673L | v.2p3123-10r2020-06-25w2020-06-25y2ZPréstamo interno c2954d2954